Advanced strength of materials (Record no. 6074)

000 -LEADER
fixed length control field 00525nam a2200193 4500
001 - CONTROL NUMBER
control field 6074
003 - CONTROL NUMBER IDENTIFIER
control field BD-DhHUET
008 - FIXED-LENGTH DATA ELEMENTS--GENERAL INFORMATION
fixed length control field 790809s1952 nyua 001 0 eng
020 ## - INTERNATIONAL STANDARD BOOK NUMBER
International Standard Book Number 070164002
040 ## - CATALOGING SOURCE
Original cataloging agency DLC
Transcribing agency DLC
Modifying agency BD-DhHUET
082 ## - DEWEY DECIMAL CLASSIFICATION NUMBER
Classification number 620.11
Item number DEN/1952
100 1# - MAIN ENTRY--PERSONAL NAME
Personal name Den Hartog, J. P.
245 10 - TITLE STATEMENT
Title Advanced strength of materials
Statement of responsibility, etc. by Den Hartog, J. P.
250 ## - EDITION STATEMENT
Edition statement 1st ed.
260 ## - PUBLICATION, DISTRIBUTION, ETC. (IMPRINT)
Place of publication, distribution, etc. New York
Name of publisher, distributor, etc. McGraw-Hill
Date of publication, distribution, etc. 1952
300 ## - PHYSICAL DESCRIPTION
Extent ix,379 p.
Other physical details illus.
Dimensions 24 cm.
650 #0 - SUBJECT ADDED ENTRY--TOPICAL TERM
Topical term or geographic name as entry element Strength of materials: engineering
942 ## - ADDED ENTRY ELEMENTS (KOHA)
Koha item type General Book
Holdings
Lost status Koha date last seen Date acquired Koha item type Copy number Sublocation or collection (holding branch) Damaged status Withdrawn status Price effective from Location (home branch) Koha normalized classification for sorting Source of classification or shelving scheme Shelving location Koha full call number Not for loan Piece designation (barcode)
 2014-11-302014-11-30General Book1Central Library, BUET  2014-11-30Central Library, BUET620_000000000000000_11DEN1952 Circulation section620.11/DEN/1952 87925
 2015-04-232015-04-23General Book2Central Library, BUET  2015-04-23Central Library, BUET620_110000000000000_DEN_1952 Circulation section620.11/DEN/1952 29906
 2015-04-232015-04-23General Book3Central Library, BUET  2015-04-23Central Library, BUET620_110000000000000_DEN_1952 Circulation section620.11/DEN/1952 29901
 2015-04-232015-04-23General Book4Central Library, BUET  2015-04-23Central Library, BUET620_110000000000000_DEN_1952 Circulation section620.11/DEN/1952 34760
 2015-04-232015-04-23General Book5Central Library, BUET  2015-04-23Central Library, BUET620_110000000000000_DEN_1952 Circulation section620.11/DEN/1952 29903
 2015-04-232015-04-23General Book6Central Library, BUET  2015-04-23Central Library, BUET620_110000000000000_DEN_1952 Circulation section620.11/DEN/1952 34761
 2015-04-232015-04-23General Book7Central Library, BUET  2015-04-23Central Library, BUET620_110000000000000_DEN_1952 Circulation section620.11/DEN/1952 29908
 2015-04-232015-04-23General Book8Central Library, BUET  2015-04-23Central Library, BUET620_110000000000000_DEN_1952 Circulation section620.11/DEN/1952 29905
 2015-04-232015-04-23General Book9Central Library, BUET  2015-04-23Central Library, BUET620_110000000000000_DEN_1952 Circulation section620.11/DEN/1952 29904
 2015-04-252015-04-25General Book10Central Library, BUET  2015-04-25Central Library, BUET620_110000000000000_DEN_1952 Circulation section620.11/DEN/1952 34762
 2015-04-252015-04-25General Book11Central Library, BUET  2015-04-25Central Library, BUET620_110000000000000_DEN_1952 Circulation section620.11/DEN/1952 29907